Hồng Kông thủơ ấy; T1 = Tai-Pan
Sparad:
| Huvudupphovsman: | |
|---|---|
| Materialtyp: | Bok |
| Språk: | Undetermined |
| Publicerad: |
Đà Nẵng
Nxb. Đà Nẵng
2001
|
| Ämnen: | |
| Taggar: |
Lägg till en tagg
Inga taggar, Lägg till första taggen!
|
| Thư viện lưu trữ: | Trung tâm Học liệu Trường Đại học Cần Thơ |
|---|
| LEADER | 00540nam a2200181Ia 4500 | ||
|---|---|---|---|
| 001 | CTU_43740 | ||
| 008 | 210402s9999 xx 000 0 und d | ||
| 082 | |a 813.54 | ||
| 082 | |b C617/T1 | ||
| 100 | |a James Clawell | ||
| 245 | 0 | |a Hồng Kông thủơ ấy; T1 | |
| 245 | 0 | |b = Tai-Pan | |
| 245 | 0 | |c James Clawell | |
| 260 | |a Đà Nẵng | ||
| 260 | |b Nxb. Đà Nẵng | ||
| 260 | |c 2001 | ||
| 650 | |a american fiction ( vietnamese ),american literature - 20th century | ||
| 980 | |a Trung tâm Học liệu Trường Đại học Cần Thơ | ||